ALL El Último Tour del Mundo Songs - Estadísticas

Estadísticas generales
  • Esta prueba ha sido intentada 30 veces
  • La puntuación promedio es 11 de 16
Estadísticas de respuestas
Respuesta % Correcto
120
89%
Booker T
78%
Dákiti
78%
La Noche de Anoche
78%
Te Mudaste
78%
La Droga
72%
Cantares de Navidad
67%
Hoy Cobré
67%
Trellas
67%
Yo Visto Así
67%
El Mundo Es Mío
61%
Haciendo Que Me Amas
56%
Te Deseo Lo Mejor
56%
Antes Que Se Acabe
50%
Maldita Pobreza
50%
Sorry Papi
50%
No se encontraron pruebas coincidentes
Distribución de puntuación
Porcentaje de gente con cada puntuación
Porcentaje por número respondido
Historial de tus puntuaciones
No has intentado esta prueba.